| 000 | 00908nam a22002897a 4500 | ||
|---|---|---|---|
| 001 | BR0002034 | ||
| 003 | BR-BrBNA | ||
| 005 | 20230928100625.0 | ||
| 007 | ta | ||
| 008 | 230509b bl.||||| |||| 00| 0 por d | ||
| 040 |
_aBR-BrBNA _bpor _cBiblioteca Nacional de Agricultura |
||
| 041 | _a(Por) | ||
| 072 | _aK10; U10 | ||
| 090 | _ K10 BR0002034 | ||
| 100 | 1 | _aGoncalves, K.G.C. | |
| 110 | 1 |
_aEscola Superior de Agricultura Luiz de Queiroz, Piracicaba, SP (Brasil) _0Tese (Mestre em Ciencias) |
|
| 245 | 1 | _aEstrutura diametrica de uma floresta tropical sob diferentes formas de manejo | |
| 260 | 3 |
_aPiracicaba, SP (Brasil): _c1999. |
|
| 300 | _a58 p. | ||
| 500 | _aSummaries (Eng, Por); 43 ref.; 6 tables; 14 illus. | ||
| 650 | _aFloresta Tropical | ||
| 650 | _aDiametro | ||
| 650 | _aRecurso Florestal | ||
| 650 | _aMetodo Estatistico | ||
| 909 |
_a202309 _bLucia _c55 _dLucia Elande |
||
| 942 | _cBK | ||
| 999 |
_c62090 _d62090 |
||